Olympic Movement/ (Record no. 201935)

MARC details
000 -LEADER
fixed length control field 00505nam a22001697a 4500
005 - DATE AND TIME OF LATEST TRANSACTION
control field 20240404153502.0
010 ## - LCCN (DPL NO)
LC control number ENG-140040
020 ## - INTERNATIONAL STANDARD BOOK NUMBER
Terms of availability 595.00
International Standard Book Number 9788194799702
035 ## - SYSTEM CONTROL NUMBER
System control number EN-123572
037 ## - SOURCE OF ACQUISITION
Source of stock number/acquisition DBAD
100 ## - MAIN ENTRY--PERSONAL NAME
Personal name Gopinathan,P
245 ## - TITLE STATEMENT
Title Olympic Movement/
Statement of responsibility, etc P. Gopinathan
260 ## - PUBLICATION, DISTRIBUTION, ETC. (IMPRINT)
Place of publication, distribution, etc New Delhi
Name of publisher, distributor, etc Friends Publications (India)
Date of publication, distribution, etc 2020
270 ## - ADDRESS
Address 101,4787/23 Ansari Road Daryaganj
City New Delhi
Postal code 110002
300 ## - PHYSICAL DESCRIPTION
Extent 228 P.
Dimensions 23 c.m(pb)
942 ## - ADDED ENTRY ELEMENTS (KOHA)
Source of classification or shelving scheme Dewey Decimal Classification
Item type English Books
Classification part 796
Call number suffix GOP
Holdings
Withdrawn status Lost status Not for loan Collection code Home library Current library Date acquired Source of acquisition Cost, normal purchase price Full call number Barcode Cost, replacement price Koha item type
      Non-fiction Bawana Bawana 04/04/2024 DBAD 595.00 796 GOP EN-123572 595.00 English Books

© Delhi Public Library
Hit Counter
free hit counter